| 000 | 00726nam a22002417a 4500 | ||
|---|---|---|---|
| 003 | UA-OsUOA | ||
| 001 | 56334 | ||
| 007 | ta | ||
| 008 | 20081016b un ||||| |||| 00| 0 ukr d | ||
| 100 | _aГ'юм Д. | ||
| 090 |
_a141.1 _bГ11 |
||
| 942 | _cBK | ||
| 040 |
_aUA-OsUOA _bukr _cUA-OsUOA _dUA-OsUOA |
||
| 245 |
_aТрактат про людську природу _bСпроба запровадження експериментального методу про об'єкти моралі |
||
| 300 | _a552 с. | ||
| 955 | _a2 | ||
| 041 | _aukr | ||
| 080 | _a141.1 | ||
| 020 | _a966-95968-6-6 | ||
| 260 |
_aК. _bВсесвіт _c2003 |
||
| 650 | 7 |
_a1 Філософські науки _2UDC |
|
| 999 |
_c342422 _d342422 |
||